000 00791nas a22002057a 4500
005 20260521105034.0
008 260521b19811983pormr|j||||||s00| z por d
040 _cBR-ViAPE
245 _aES Revista
260 _aVitória
_bSecretaria Extraordinária de Comunicação Social - Governo do Estado do Espírito Santo
_c1981-1983
300 _av.
_bil.
310 _aMensal
362 _aAno 1, n. 0 (fev. 1981) - ano 1, n. 12 (mar. 1983).
500 _aColeção incompleta: disponíveis apenas alguns números do periódico.
650 _aArtes
_xEducação
_xComportamento
_zEspírito Santo
651 _aEspírito Santo (Brasil)
_vPeriódicos
710 _aSecretaria Extraordinária de Comunicação Social - Governo do Estado do Espírito Santo
942 _2ddc
_cPER
_n1
999 _c702
_d702